INTERPRETATION OF STATUTES (Record no. 19747)

MARC details
000 -LEADER
fixed length control field 00333nam a22001457a 4500
003 - CONTROL NUMBER IDENTIFIER
control field SGT
020 ## - INTERNATIONAL STANDARD BOOK NUMBER
International Standard Book Number 9789384961237
082 ## - DEWEY DECIMAL CLASSIFICATION NUMBER
Classification number 340.14
Item number MAT
100 ## - MAIN ENTRY--PERSONAL NAME
Personal name MATHUR , D.N
245 ## - TITLE STATEMENT
Title INTERPRETATION OF STATUTES
250 ## - EDITION STATEMENT
Edition statement 5
260 ## - PUBLICATION, DISTRIBUTION, ETC. (IMPRINT)
Place of publication, distribution, etc ALLAHABAD
Name of publisher, distributor, etc CENTRAL LAW PUBLICATION
Year of Publication 2018
300 ## - PAGE DESCRIPTION
No. of Pages XXXIX, 475
942 ## - ADDED ENTRY ELEMENTS (KOHA)
Source of classification or shelving scheme Dewey Decimal Classification
Koha item type Books
942 ## - ADDED ENTRY ELEMENTS (KOHA)
-- 13
Holdings
Withdrawn status Lost status Source of classification or shelving scheme Damaged status Not for loan Collection code Home library Current library Shelving location Date acquired Vendor Name Cost, normal purchase price SGTU Bill Number Full call number Accession No. (Barcode) Date last seen Bill Date Koha item type Total Checkouts Date last borrowed
    Dewey Decimal Classification   Not For Loan LAW SGT Science & Social Sciences Library SGT Science & Social Sciences Library Reference Book 11/02/2020 COMMERCIAL BOOK HOUSE 320.00 SGTU 2559 340.14 MAT FL2301 11/02/2020 11/02/2020 Books    
    Dewey Decimal Classification     LAW SGT Science & Social Sciences Library SGT Science & Social Sciences Library Text Book 11/02/2020 COMMERCIAL BOOK HOUSE 320.00 SGTU 2559 340.14 MAT FL2302 14/06/2025 11/02/2020 Books 18 02/06/2025